000 00656nam a22001937a 4500
003 OSt
005 20251126085611.0
008 251126b |||||||| |||| 00| 0 eng d
020 _a 978-971-93934-0.
040 _aDWCL-Admin lib
_cOC
082 _aFil. 343.05 V152t 2009
100 _aValencia, Edwin G.
245 _a Transfer and business taxation:
_bpriciples and laws with accounting applications /
_cEdwin G. Valencia
260 _aBaguio City :
_bValencia Educational Supply,
_cc2009.
300 _a510 p. ;
_c23 cm.
650 _a1. Inheritance and transfer tax.
700 _aRoxas, Gregorio F.
942 _2ddc
_cBK - FIL
_eRev. 5th ed.
_kFil.
_n0
999 _c6347
_d6347